Estudio de prefactibilidad técnico financiero para la creación de un BAR-RESTAURANTE privado en el Recinto Universitario Pedro Arauz Palacios de la Universidad Nacional de Ingeniería durante el año 2001
El estudio de prefactibilidad para la construcción de un Bar-Restaurante en el RUPAP tiene como objetivo satisfacer las necesidades del consumidor (cliente). El proyecto se divide en 4 etapas. Estudio de mercado, Estudio técnico, Estudio financiero y Evaluación financiera, el estudio técnico se...
| Main Authors: | , , |
|---|---|
| Other Authors: | |
| Format: | Tesis Section = Libro |
| Language: | Undetermined Spanish |
| Published: |
Managua
UNI
2001
|
| Subjects: |
| LEADER | 01573nam a2200265Ia 4500 | ||
|---|---|---|---|
| 008 | 240830s9999 xx 000 0 und d | ||
| 040 | |a BIBLIOTECA-RUPAP Mon 658.404 S479 | ||
| 041 | |a spa | ||
| 082 | |a Mon 658.404 S479 | ||
| 100 | 1 | |a Sequeira Altamirano, Guadalupe del S. | |
| 100 | 1 | |b Jirón Alfaro, Javier Ernesto | |
| 100 | 1 | |c Cruz Sánchez, Roger Antonio | |
| 245 | 1 | 0 | |a Estudio de prefactibilidad técnico financiero para la creación de un BAR-RESTAURANTE privado en el Recinto Universitario Pedro Arauz Palacios de la Universidad Nacional de Ingeniería durante el año 2001 |
| 260 | |a Managua |b UNI |c 2001 | ||
| 300 | |a 83 p. :il. | ||
| 500 | |a Contiene: anexos. | ||
| 502 | |a Tesis (Ingeniero de Sistemas)- UNI, 2001. | ||
| 520 | 3 | |a El estudio de prefactibilidad para la construcción de un Bar-Restaurante en el RUPAP tiene como objetivo satisfacer las necesidades del consumidor (cliente). El proyecto se divide en 4 etapas. Estudio de mercado, Estudio técnico, Estudio financiero y Evaluación financiera, el estudio técnico se realizó con el objetivo de verificar la posibilidad de la implantación del Bar-Restaurante y para el control de la información se realizó un prototipo del sistema de información, el software regulará las entradas y salidas de los productos, personal y proveedores. | |
| 650 | 7 | |a ADMINISTRACIÓN DE PROYECTOS | |
| 650 | 7 | |b ESTUDIO FINANCIERO | |
| 650 | 7 | |c ESTUDIO TÉCNICO BAR - RESTAURANTE - RUPAP | |
| 700 | 1 | |a Tutor: |b Aguilera López, Roberto José | |
| 942 | |c BK |2 ddc | ||
| 991 | |a TESIS | ||
| 999 | |c 17406 | ||